000 00782nam a22002777a 4500
001 BR9102201
003 BR-BrBNA
005 20230928093602.0
007 ta
008 230509b bl.||||| |||| 00| 0 por d
040 _aBR-BrBNA
_bpor
_cBiblioteca Nacional de Agricultura
041 _a(Por)
072 _aE14; E13
_b/G514
090 _ E14 BR9102201
110 1 _aComissao de Planejamento Agricola do Amapa, Macapa (Brasil)
_91999
245 1 _aPlano agricola 86/87 [Comissao de Planejamento Agricola do Amapa]
260 3 _aMacapa, AP (Brasil):
_c1986.
300 _a42 p.
500 _a30 tables
650 _aPLANEJAMENTO AGRICOLA
650 _aDIRETRIZ
650 _aRECURSO ECONOMICO
650 _aAMAPA
909 _a202309
_bLucia
_c55
_dLucia Elande
942 _cBK
999 _c45852
_d45852